00349nam a22000977a 4500020001800000082001700018100003900035245012000074260003800194300001900232 a9780241700884 a327.73 CHO/M aChomsky,Noam and Robinson,Nathan J aThe myth of American idealism :bhow U S foreign policy endangers the world/cby Noam Chomsky and Nathan J Robinson a. - UKb: Hamish Hamiltonc, 2024 aviii+400 pages